| 000 | 00966nam0a22002531 4500 | ||
|---|---|---|---|
| 001 | rc\885808 | ||
| 005 | 20041129093855.6 | ||
| 035 | _a(NLR Aleph) 006062881 | ||
| 090 |
_a4927942 _c4927942 |
||
| 100 | _a20041129d1983 u |0rusy50 ca | ||
| 101 | 0 | _arus | |
| 102 | _aRU | ||
| 105 | _ay ||||||||| | ||
| 200 | 1 |
_aГИГИЕНА физического воспитания школьников _e(Метод. рекомендации) _fПерм. гос. пед. ин-т, Санэпидстанция Перм. отд-ния Свердл. ж. д. _g[Сост. к. м. н., доц. Л.В. Работниковой и др.] |
|
| 210 |
_aПермь _cБ. и. _d1983 |
||
| 215 |
_a25 с. _d20 |
||
| 320 | _aБиблиогр.: с. 25 | ||
| 702 | 1 |
_aРаботникова _bЛ. В. _4220 |
|
| 712 | 0 | 2 |
_aПермский пед. ин-т _3RU\NLR\AUTH\889918086 |
| 801 | 0 |
_aRU _bNLR _gpsbo |
|
| 801 | 1 |
_aRU _bELAR _2rusmarc |
|
| 852 |
_aNLR _j87-6/2089 |
||
| 942 | _cBOOK | ||
| 980 | _aNB | ||